| 000 | 00000nam##2200000za#4500 |
| 001 | 9.570352 |
| 003 | CaOODSP |
| 005 | 20220901140008 |
| 007 | cr ||||||||||| |
| 008 | 150406|2002||||xxc|||||o f|0| 0 eng|d |
| 040 | |aCaOODSP|beng |
| 043 | |an-cn--- |
| 086 | 1 |aJ3-10/17E-PDF |
| 110 | 1 |aCanada.|bJustice Canada. |
| 245 | 10|aImmigration and refugee legal aid cost drivers : |h[electronic resource]|bfinal report / |c[by] John Frecker. |
| 260 | |aOttawa - Ontario : |bJustice Canada |c2002. |
| 300 | |a131p.|bgraphs, references, tables |
| 490 | 1 |aLegal aid research series|vRR03LARS-17 |
| 590 | |a11-09-Supp|b2011-06-30 |
| 720 | 1 |aFrecker, John |
| 775 | 08|tInducteurs des coûts de l'aide juridique aux immigrants et aux réfugiés : |w(CaOODSP)9.601097 |
| 830 | #0|aLegal aid research series ;|vRR03LARS-17|w(CaOODSP)9.505670 |
| 856 | 40|ahttp://publications.gc.ca|qPDF|s1.06 MB|uhttps://publications.gc.ca/collections/collection_2011/jus/J3-10-17-eng.pdf|yRR03LARS-17 |